Countries That Drive On The Left - Statistics

General Stats
  • This quiz has been taken 1,988 times
    1,380 since last reset
  • The average score is 32 of 56
Answer Stats
Country % Correct
United Kingdom
96%
Australia
91%
New Zealand
87%
India
83%
Ireland
83%
South Africa
81%
Japan
76%
Indonesia
71%
Pakistan
70%
Malaysia
69%
Bangladesh
68%
Fiji
66%
Kenya
64%
Thailand
64%
Zimbabwe
64%
Singapore
63%
Lesotho
61%
Namibia
60%
Zambia
60%
Botswana
59%
Jamaica
59%
Samoa
59%
Tonga
58%
Tuvalu
58%
Antigua and Barbuda
57%
Nepal
57%
Tanzania
57%
Barbados
56%
Nauru
56%
Solomon Islands
55%
Uganda
55%
Bahamas
54%
Bhutan
54%
Mozambique
53%
Sri Lanka
53%
Kiribati
52%
Brunei
49%
Grenada
49%
St Kitts and Nevis
49%
Trinidad and Tobago
49%
Dominica
47%
St Lucia
47%
St. Vincent and Grenadines
47%
Swaziland
47%
Micronesia
45%
Papua New Guinea
45%
Malawi
42%
Maldives
42%
Malta
42%
Guyana
41%
Cyprus
39%
East Timor
38%
Seychelles
38%
Mauritius
36%
Somalia
33%
Suriname
32%
No matching quizzes found
Score Distribution
Percent of People with Each Score
Percentile by Number Answered
Your Score History
You have not taken this quiz since the last reset